| 000 | 00739nam a2200241Ia 4500 | ||
|---|---|---|---|
| 003 | OSt | ||
| 005 | 20230515162648.0 | ||
| 008 | 210210b2017 xxu||||| |||| 00| 0 eng d | ||
| 040 | _cAL | ||
| 041 | _aeng | ||
| 082 |
_a23 _2820.108 _bRAOL |
||
| 100 |
_aB Surendra Rao; K Chinnappa Gowda Tr _91500 |
||
| 245 | _aLadle in a Golden Bowl: Translation of Tulu Poems | ||
| 260 |
_aMangaluru _bAkrati Ashaya Pablications _c2017 |
||
| 300 |
_a223 p. _bHB _c22x15 cm. |
||
| 365 |
_b318.75 _c₹ _d375.00 _e15% _f11-10-2021 |
||
| 650 |
_aTulu Poems Tr in English _91501 |
||
| 650 | _2Indian English Poetry | ||
| 690 |
_aEnglish Literature _91503 |
||
| 700 |
_aRAO (B Surendra);GOWDA (Chinnappa K) Tr _91504 |
||
| 906 | _a071427 | ||
| 942 |
_2ddc _cBK |
||
| 999 |
_c120818 _d120818 |
||